Chile handbook

Uloženo v:
Podrobná bibliografie
Hlavní autor: Nurse, Charlie (Autor)
Médium: Kniha
Jazyk:angličtina
Vydáno: Bath Footprint Handbooks 1997
Témata:
Tagy: Přidat tag
Žádné tagy, Buďte první, kdo vytvoří štítek k tomuto záznamu!

MARC

LEADER 00000nam a2200000 a 4500
001 UCR7318
003 CL-VaPUC
008 980514e19970000uk |||||||||||||||||eng|d
082 0 4 |a 910.202  |b NUR  |2 21 
100 0 |a Nurse, Charlie  |e author  |9 408664 
245 1 0 |a Chile handbook 
300 |a 448 p 
942 |c BK 
945 |d 19980514 00:00:00  |a mvenant 
260 |a Bath  |b Footprint Handbooks  |c 1997 
650 7 |a GUIAS TURISTICAS  |2 CL-VaPUC  |9 346990 
650 0 |a Ciudades  |9 265474 
650 0 |a Mapas  |9 260844 
650 7 |a PLANOS  |2 CL-VaPUC  |9 260106 
650 0 |a Monumentos  |9 265246 
650 0 |a Arquitectura  |9 804558 
650 0 |a Hoteles  |9 360285 
650 0 |a Museos  |9 269209 
650 0 |a Turismo  |9 308920 
651 7 |a CHILE  |2 CL-VaPUC  |9 408666 
583 |a last modification  |c 20150507 04:57:57  |k Rodrigo Vera 
999 |c 269045  |d 269043 
952 |0 0  |1 0  |4 0  |6 910_202000000000000_NUR_1997  |7 0  |8 X  |9 302639  |a BIBEDU  |b BIBEDU  |d 2019-11-20  |i 3425339  |o 910.202 NUR 1997  |p 3425339  |r 2023-01-13  |w 2019-11-20  |y BK_X  |k CIT